书目信息 |
| 题名: |
统计自然语言处理基础
|
|
| 作者: | 曼宁, , 许策, 著 ;苑春法 译 | |
| 分册: | ||
| 出版信息: | 北京 电子工业出版社 2005.01 |
|
| 页数: | 418页 | |
| 开本: | 26cm | |
| 丛书名: | 国外计算机科学教材系列 | |
| 单 册: | ||
| 中图分类: | H087 | |
| 科图分类: | ||
| 主题词: | 统计方法--应用--自然语言处理--教材 | |
| 电子资源: | ||
| ISBN: | 7-5053-9921-7 | |
| 000 | 01480nam 2200325 450 | |
| 001 | 010232077563 | |
| 005 | 20051207153716.07 | |
| 010 | @a7-5053-9921-7@dCNY55.00 | |
| 100 | @a20050513d2005 km y0chiy0120 ea | |
| 101 | 1 | @achi@ceng |
| 102 | @aCN@b110000 | |
| 105 | @aa a 000yy | |
| 200 | 1 | @a统计自然语言处理基础@Atong ji zi ran yu yan chu li ji chu@d= Foundations of statistical natural language processing@f(美) Christopher D. Manning, (德) Hinrich Schutze著@F(mei)Christopher D.Manning,(de)Hinrich Schutze zhu@g苑春法 … 等译@Gyuan chun fa…deng yi@zeng |
| 210 | @a北京@c电子工业出版社@d2005.01 | |
| 215 | @a418页@c图@d26cm | |
| 225 | 2 | @a国外计算机科学教材系列 |
| 305 | @a据Massachusetts Institute of Technology 1999年英文版译出。 | |
| 306 | @a由MIT Press授权电子工业出版社出版。 | |
| 314 | @a责任者 (Manning)、(Schutze) 规范汉译姓:曼宁, 许策。 | |
| 320 | @a有书目 (第377-416页)。 | |
| 330 | @a本书系统介绍了统计自然语言处理技术,分为基础知识、词法、语法、应用与技术四部分,包括了构建自然语言处理软件工具将用到的几乎所有理论和算法。 | |
| 410 | 0 | @12001 @a国外计算机科学教材系列 |
| 510 | 1 | @aFoundations of statistical natural language processing@zeng |
| 606 | 0 | @a统计方法@x应用@x自然语言处理@j教材 |
| 690 | @aH087@v4 | |
| 701 | 1 | @a曼宁,@Aman ning,@bC. D.@g(Manning, Christopher D.)@4著 |
| 701 | 1 | @a许策,@Axu ce,@bH.@g(Schutze, Hinrich)@4著 |
| 702 | 0 | @a苑春法@Ayuan chun fa@4译 |
| 801 | 0 | @aCN@bQSSK@c20051207 |
| 905 | @a10447@dH087@eM313 | |
| 统计自然语言处理基础= Foundations of statistical natural language processing/(美) Christopher D. Manning, (德) Hinrich Schutze著/苑春法 … 等译.-北京:电子工业出版社,2005.01 |
| 418页:图;26cm.-(国外计算机科学教材系列) |
| ISBN 7-5053-9921-7:CNY55.00 |
| 本书系统介绍了统计自然语言处理技术,分为基础知识、词法、语法、应用与技术四部分,包括了构建自然语言处理软件工具将用到的几乎所有理论和算法。 |
| ● |
| 相关链接 |
|
|
|
正题名:统计自然语言处理基础
索取号:H087/M313
 
预约/预借
| 序号 | 登录号 | 条形码 | 馆藏地/架位号 | 状态 | 备注 |
| 1 | 546282 | 205462827 | 语言库209/301自科库 60排3列2层/ [索取号:H087/M313] | 在馆 | |
| 2 | 546283 | 205462836 | 语言库209/301自科库 64排2列4层/ [索取号:H087/M313] | 在馆 | |
| 3 | 546284 | 205462845 | 语言库209/301自科库 64排2列4层/ [索取号:H087/M313] | 在馆 | |
| 4 | 571650 | 205716509 | 语言库209/209语言库 68排2列4层/ [索取号:H087/M313] | 在馆 | |
| 5 | 571651 | 205716518 | 语言库209/209语言库 68排2列4层/ [索取号:H087/M313] | 在馆 | |
| 6 | 571652 | 205716527 | 语言库209/209语言库 68排2列4层/ [索取号:H087/M313] | 在馆 |